| 000 | 00560nam a2200205Ia 4500 | ||
|---|---|---|---|
| 005 | 20250923144431.0 | ||
| 008 | 008 250917s9999 xx 000 0 eng d | ||
| 037 | _aTextual | ||
| 040 |
_aDSWL _beng _cDSWL |
||
| 041 |
_aeng _2eng |
||
| 084 |
_aT:2N37, J2 _qDSWL |
||
| 100 |
_aNayyar, D.P _9824839 |
||
| 245 | 0 |
_aBuilding for peace or Gandhi's idea on social Adult education _cby D.P Nayyar |
|
| 260 | _c1952 | ||
| 300 | _a93 p. | ||
| 365 |
_aINR _b4 |
||
| 925 | _g4 | ||
| 942 |
_cTEXL _hT:2N37, J2 |
||
| 999 |
_c1438829 _d1438829 |
||